| Tag |
First Indicator |
Second Indicator |
Subfields |
| LEADER |
00000cam a2200000 a 4500 |
| 001 |
in00002786036 |
| 006 |
m o d |
| 007 |
cr cn||||||||| |
| 008 |
120820s2013 mdu ob 001 0 eng d |
| 005 |
20250816210102.2 |
| 010 |
|
|
|z 2012030556
|
| 020 |
|
|
|z 9780739178461 (cloth : alk. paper)
|
| 020 |
|
|
|z 9781442206601
|
| 020 |
|
|
|z 9780739178478 (e-book)
|
| 035 |
|
|
|a (CaPaEBR)ebr10612954
|
| 040 |
|
|
|a CaPaEBR
|c CaPaEBR
|d UtOrBLW
|
| 050 |
1 |
4 |
|a HV6322.7
|b .C34 2013eb
|
| 082 |
0 |
4 |
|a 304.6/63
|2 23
|
| 100 |
1 |
|
|a Campbell, Jason J.
|
| 245 |
1 |
0 |
|a On the nature of genocidal intent /
|c Jason J. Campbell.
|
| 264 |
|
1 |
|a Lanham, Md. :
|b Lexington Books,
|c 2013.
|
| 300 |
|
|
|a 1 online resource (xiii, 160 pages)
|
| 336 |
|
|
|a text
|b txt
|2 rdacontent
|
| 337 |
|
|
|a computer
|b c
|2 rdamedia
|
| 338 |
|
|
|a online resource
|b cr
|2 rdacarrier
|
| 504 |
|
|
|a Includes bibliographical references and index.
|
| 505 |
0 |
|
|a The conceptual boundaries of genocidal intent -- The problem of the collective -- Genocidal intent and its relationship to consequences -- Creating an enemy of the state -- Four motivations for genocidal intent -- The logic of genocidal intent -- Intentional embeddedness and structural meaning -- Inconsistencies within the logic of genocidal intent.
|
| 500 |
|
|
|a Electronic resource.
|
| 650 |
|
0 |
|a Genocide
|x Philosophy.
|
| 650 |
|
0 |
|a Genocide.
|
| 655 |
|
7 |
|a Electronic books.
|2 local
|
| 710 |
2 |
|
|a ebrary, Inc.
|
| 856 |
4 |
0 |
|u https://ebookcentral.proquest.com/lib/tamucs/detail.action?docID=1042023
|y Connect to the full text of this electronic book
|t 0
|
| 980 |
|
|
|a 121120
|b 64.99
|c USD
|e 64.99
|f YBP_EBR0000047227
|g 1
|
| 999 |
f |
f |
|s 5acabb33-5ea5-325a-9635-1d090148d875
|i 5015359c-bf71-3884-93ef-3801bfd09837
|t 0
|
| 999 |
|
|
|a MARS
|
| 952 |
f |
f |
|a Texas A&M University
|b College Station
|c Electronic Resources
|d Available Online
|t 0
|e HV6322.7 .C34 2013eb
|h Library of Congress classification
|
| 998 |
f |
f |
|a HV6322.7 .C34 2013eb
|t 0
|l Available Online
|